Observe, collect, draw! A visual journal. Discover the patterns in your everyday life.

Uloženo v:
Podrobná bibliografie
Hlavní autoři: Lupi, Giorgia (Autor), Posavec, Stefanie (Autor)
Médium: Neznámo
Vydáno: New York, USA: Princeton Architectural Press, 2018.
Témata:
Tagy: Přidat tag
Žádné tagy, Buďte první, kdo vytvoří štítek k tomuto záznamu!

MARC

LEADER 00000 a2200000 4500
003 CL-VaPUC
005 20230620083510.0
008 230609t2018 ||||| |||| 00| 0 eng d
999 |c 440653  |d 440651 
020 |a 978-1-61689-714-7 
040 |c Pontificia Universidad Católica de Valparaíso 
082 7 |a 808.883 LUP 2018  |2 22 
100 |a Lupi, Giorgia  |9 881801  |e author 
245 |a Observe, collect, draw!   |b A visual journal. Discover the patterns in your everyday life.  
260 |a New York, USA:  |b Princeton Architectural Press,   |c 2018. 
300 |a 47 páginas:   |b  ilustraciones. 
583 |k GC  |c 20230609 
650 |a Diario de vida  |x Comunicación visual   |9 882981 
650 0 |a Visualización de información  |9 866864 
700 |a Posavec, Stefanie   |e author  |9 882982 
942 |2 ddc  |c BK 
952 |0 0  |1 0  |2 ddc  |4 0  |6 808_883000000000000_LUP_2018  |7 0  |8 A  |9 590409  |a BIBCUR  |b BIBCUR  |c GEN  |d 2023-06-07  |e 3  |g 17805.22  |i 5657718  |o 808.883 LUP 2018  |p 5657718  |r 2025-04-22  |t 1  |v 17805.22  |w 2023-06-07  |y BK  |k PER